000 00464nam a22001697a 4500
999 _c4247
_d4247
003 GBCCL
005 20241126110514.0
008 180117b xxu||||| |||| 00| 0 eng d
040 _cgbc
082 _a220.52
_bRAY
100 _aRay, Jasper James
_98054
245 _aGod Wrote only one Bible /
_cJasper James Ray
260 _bThe Eye Opener Publishers,
_aOregon:
_c1976
300 _a122 p.;
_bill.,
_c22 cm.
650 _aBible
_vversions
_99993
942 _2ddc
_cBK
_01